000 00321nam a22001337a 4500
003 OSt
005 20160727222408.0
008 160624b xxu||||| |||| 00| 0 eng d
100 _9914
_aTaber, G
245 _aNurse in Blue
260 _aPhiladelphia
_b The Slakiston Com.
_c1943
300 _aNurse in Blue
942 _2ddc
_cBK
999 _c727
_d727